整合醫學即時超音波入門 = (Record no. 7640)
[ view plain ]
| 000 -記錄標示 | |
|---|---|
| fixed length control field | 00971cam a22002898i 4500 |
| 001 - 控制號(記錄識別欄) | |
| control field | .b34344044 |
| 003 - 控制號標識 | |
| 控制識別號 | yeezen |
| 005 - 最後更新時間 | |
| control field | 20250701141558.0 |
| 008 - 定長欄資料代碼 | |
| fixed length control field | 200115s2020 ch a b 000 0 chi d |
| 020 ## - 國際標準書號 | |
| 國際標準書號 | 9789865452148 |
| 限定資訊 | (精裝) |
| 040 ## - 編目來源 | |
| 原編目機構 | CIP |
| 編目語言 | chi |
| 移轉機構 | CIP |
| 修改機構 | CKT |
| 041 0# - 語言代碼 | |
| 正文或其他題名語言代碼 | chi |
| 042 ## - 編目審定機構代碼 | |
| 編定審定機構代碼 | nbic |
| 090 ## - 館藏紀錄 | |
| Classification number (OCLC) (R) ; Classification number, CALL (RLIN) (NR) | 415.2168 |
| 245 00 - 題名及著者敘述項 | |
| 正題名 | 整合醫學即時超音波入門 = |
| 其他題名 | Point-of-care ultrasound in hospital medicine : a quickstart guide / |
| 著者敍述 | 余忠仁, 許甯傑主編 |
| 246 31 - 題名的其他形式 | |
| 題名 | Point-of-care ultrasound in hospital medicine : a quickstart guide. |
| 250 ## - 版本項 | |
| 版本敍述 | 初版 |
| 260 ## - 出版項 | |
| 出版地 | 臺北市 : |
| 出版者 | 臺大醫學院出版 ; |
| 出版地 | 新北市 : |
| 出版者 | 金名圖書總經銷, |
| 出版年 | 2020.02 |
| 300 ## - 稽核項 | |
| 數量(面數, 冊數或其他) | 224面 : |
| 插圖及其他 | 部份彩圖, 表, 摺表 ; |
| 高廣尺寸 | 19公分 |
| 490 1# - 集叢項 | |
| 集叢題名 | 醫學科學叢書 ; |
| 集叢號 | 35. |
| 504 ## - 書目註 | |
| 書目註 | 含參考書目 |
| 650 #7 - 標題附加款目--主題用語 | |
| 主題用語 | 超音波學 |
| 標題系統出處 | lcstt. |
| 700 1# - 附加款目--個人名稱 | |
| 個人姓名 | 余忠仁 |
| 700 1# - 附加款目--個人名稱 | |
| 個人姓名 | 許甯傑 |
| 830 #0 - 集叢附加款目--劃一題名 | |
| Uniform title | 醫學科學叢書 ; |
| Volume/sequential designation | 35. |
| 942 ## - 附加款目元素 (KOHA) | |
| 分類法來源 | 中文圖書分類法 |
| Koha 館藏類型 | 長期借閱書籍 |
| 撤銷狀態 | 遺失狀態 | 分類號來源 | 損壞狀態 | 不外借 | 永久館藏地 | 現在館藏地 | 書架位置 | 採購日期 | 全部借出 | 全部續借 | 完整索書號 | 條碼號 | 還書日 | 最後一次日期記錄 | Date last checked out | 一般價格有效日期 | Koha館藏類型 |
|---|---|---|---|---|---|---|---|---|---|---|---|---|---|---|---|---|---|
| 未註銷館藏 | 未遺失 | 中文圖書分類法 | 未損毀 | 可外借 | 怡仁綜合醫院圖書館 | 怡仁綜合醫院圖書館 | 專科護理師 | 2025-07-01 | 4 | 1 | 415.2168 | C03229 | 2026-06-30 | 2026-01-02 | 2026-01-02 | 2025-07-01 | 長期借閱書籍 |